00626nam a2200181 i 450000100060000000300090000600500170001500700030003200800410003510000430007624500810011925000120020026000430021230000220025585200300027799900170030795201200032428376ES-MaACL20251213063014.0t|030117s1946 sp ||||1| spa d1 aBañuelos, Misael, d1887-195492524210aPsicología de la femineidad (sic) b: estudio crítico / cM. Bañuelos. a1ª ed. aMadrid : bMorata, c1946 (fOrellana) a166 p. ; c24 cm. aES-MaACLjE-369 bR.22383 c28376d28376 00104070aATENEOMbATENEOMcDEPO2d2008-01-17eSCl0oE-369p1029295r2023-02-23 00:00:00w2023-02-23yMONOGRAFIA